ბათუმის შოთა რუსთაველის სახელმწიფო უნივერსიტეტის ბიბლიოთეკა

Социальная психология=Social Psychology. (ბიბ.ჩანაწერი № 44287)

000 -LEADER
fixed length control field 00689nam a2200253Ia 4500
001 - CONTROL NUMBER
control field 11045
003 - CONTROL NUMBER IDENTIFIER
control field GE_BSU
008 - FIXED-LENGTH DATA ELEMENTS--GENERAL INFORMATION
fixed length control field 181216s||||||||xx |||||||||||||| ||und||
020 ## - INTERNATIONAL STANDARD BOOK NUMBER
International Standard Book Number 9785496001151
040 ## - CATALOGING SOURCE
Transcribing agency GE_BSU
080 ## - UNIVERSAL DECIMAL CLASSIFICATION NUMBER
Universal Decimal Classification number 316.6
100 ## - MAIN ENTRY--PERSONAL NAME
Personal name Майерс,Дэвид.
245 ## - TITLE STATEMENT
Title Социальная психология=Social Psychology.
250 ## - EDITION STATEMENT
Edition statement 7-е изд.
260 ## - PUBLICATION, DISTRIBUTION, ETC.
Place of publication, distribution, etc. Москва
260 ## - PUBLICATION, DISTRIBUTION, ETC.
Name of publisher, distributor, etc. Питер.
260 ## - PUBLICATION, DISTRIBUTION, ETC.
Date of publication, distribution, etc. 2014.
300 ## - PHYSICAL DESCRIPTION
Extent 800стр.илл,24см.
653 ## - INDEX TERM--UNCONTROLLED
Uncontrolled term Психология
653 ## - INDEX TERM--UNCONTROLLED
Uncontrolled term Социальная психология=Social Psychology.
653 ## - INDEX TERM--UNCONTROLLED
Uncontrolled term ფსიქოლოგია
942 ## - ADDED ENTRY ELEMENTS (KOHA)
Koha item type წიგნი
ეგზემპლარები
Withdrawn status Lost status Damaged status Not for loan Date acquired Barcode Date last seen Price effective from Koha item type
        2018-12-17 35380 2018-12-17 2018-12-17 წიგნი
        2018-12-17 35381 2018-12-17 2018-12-17 წიგნი